Language Quiz

Random Language or Letter Quiz

Another 4 Letter Word Ladder Quiz Stats

 Plays Quiz not verified by Sporcle

Support Sporcle.
Go Orange.
Score 0/30 Timer 05:00
0 Plays Today
Hint 4 Letter Word % Correct
not softhard
99.5%
difficulthard
99.5%
multi-finger body parthand
98.6%
____ shakehand
98.6%
______ TwainMark
94.6%
36 inchesyard
94.1%
______ the Herald Angels SingHark
93.2%
5,280 feetmile
92.8%
fatlard
92.3%
rabbithare
91.4%
Wilbur sleeps herebarn
90.5%
Light my ____Fire
90.5%
a crocheter uses thisyarn
89.2%
______ nakedbare
89.2%
horse-donkey hybridmule
89.2%
Hint 4 Letter Word % Correct
Central ______Park
88.3%
______ and MindyMork
88.3%
pigpork
87.4%
pdf or jpgfile
87.4%
to slice fruitpare
84.7%
spare ____tire
82.4%
_____-tide CarolYule
75.7%
leg and groin protectortare
74.3%
vacuumsuck
73%
______ sawhack
70.3%
______ it to me!sock
70.3%
part of an animal's leghock
61.7%
Midsummer Nights Dream characterPuck
59%
purplish-brown colorpuce
55.9%
whimperpule
52.7%

You're not logged in!

Compare scores with friends on all Sporcle quizzes.
OR
Log In

From the Vault

Nato Phonetic Alphabet Minefield

by Derek

Imagine if individual letters of the alphabet were this long.
Remove Ads.
Support Sporcle.
Get the best of Sporcle when you Go Orange. This ad-free experience offers more features, more stats, and more fun while also helping to support Sporcle. Thank you for becoming a member.

Show Comments

Extras

Top Quizzes Today


Score Distribution

Your Account Isn't Verified!

In order to create a playlist on Sporcle, you need to verify the email address you used during registration. Go to your Sporcle Settings to finish the process.

Report this User

Report this user for behavior that violates our Community Guidelines.

Details: